000 00507nam a2200181Ia 4500
001 20150
005 20260306172745.0
008 260306t2006||||xx |||||||||||||| ||spa||
041 _aESP
082 _a342.8
_bB69
100 _aBoggiano, Antonio
_eAUT
245 0 _aDerecho internacional privado:
_bteoría general, derecho procesal internacional, derecho civil internacional
260 _c2006
300 _a814 páginas :T. 1
_c23 cm.
650 _aGEN
654 _aCDE
942 _cLIB
_dJUS
_fJUS
_2ddc
_n
999 _c20150
_d20150